| 000 | 00984nam a2200253 a 4500 | ||
|---|---|---|---|
| 001 | 000782131 | ||
| 003 | AM-YEHGA | ||
| 005 | 20250617164206.0 | ||
| 008 | 110114s1962 ||||||||r|||||000|0|rus|d | ||
| 040 | _aAM-YeHGA | ||
| 041 | 0 | _arus | |
| 100 | 1 | _aАничков, Сергей Викторович | |
| 245 | 1 | 0 |
_aФармакология химиорецепторов каротидного клубочка / _cС.В. Аничков, М.Л. Беленький. |
| 260 |
_aЛенинград : _bМедгиз, _c1962. |
||
| 300 |
_a200 с. : _bил., табл. ; _c22 см. |
||
| 504 | _aБиблиогр.: с. 191-200 | ||
| 650 | 1 | 4 | _aХимиорецептор |
| 650 | 1 | 4 | _aВидовая специфичность |
| 650 | 1 | 4 | _aКаротидный синус |
| 650 | 1 | 4 | _aРефлексология |
| 650 | 1 | 4 | _aФармакологических веществ воздействие |
| 700 | 1 | _aБеленький, Макс Львович | |
| 090 | _c522965 | ||
| 999 |
_c519403 _d519403 |
||